[Event "DEM U18w 2023"]
[Site "Willingen GER"]
[Date "2023.05.28"]
[Round "2"]
[White "Gossing, Marie-Sophie"]
[Black "Glowiak, Alexandra"]
[Result "0-1"]
[Termination "normal"]
[Board "10"]
[WhiteElo "1395"]
[BlackElo "1660"]
[WhiteClock "00:00:58"]
[BlackClock "00:02:47"]
[PlyCount "134"]
[WhiteFideId "16217284"]
[BlackFideId "16259530"]
[EventCountry "GER"]
[EventRounds "9"]
[EventType "swiss"]
[EventDate "2023.05.27"]

1. e4 {[%clk 01:30:57]} {[%emt 00:00:02]} e5 {[%clk 01:30:56]} {[%emt
00:00:05]} 2. Nf3 {[%clk 01:31:19]} {[%emt 00:00:08]} Nc6 {[%clk 01:31:23]}
{[%emt 00:00:03]} 3. Bc4 {[%clk 01:31:36]} {[%emt 00:00:13]} Bc5 {[%clk
01:31:39]} {[%emt 00:00:14]} 4. c3 {[%clk 01:31:50]} {[%emt 00:00:16]} Nf6
{[%clk 01:31:41]} {[%emt 00:00:28]} 5. d4 {[%clk 01:31:56]} {[%emt 00:00:24]}
exd4 {[%clk 01:32:02]} {[%emt 00:00:10]} 6. O-O {[%clk 01:31:46]} {[%emt
00:00:39]} d5 {[%clk 01:05:17]} {[%emt 00:27:15]} 7. exd5 {[%clk 01:13:15]}
{[%emt 00:19:01]} Nxd5 {[%clk 01:05:23]} {[%emt 00:00:23]} 8. Re1+ {[%clk
01:12:12]} {[%emt 00:01:33]} Nce7 {[%clk 00:57:27]} {[%emt 00:08:26]} 9. b4
{[%clk 01:06:12]} {[%emt 00:06:31]} Bb6 {[%clk 00:47:08]} {[%emt 00:10:49]} 10.
Bg5 {[%clk 00:57:23]} {[%emt 00:09:19]} f6 {[%clk 00:36:40]} {[%emt 00:10:58]}
11. Bh4 {[%clk 00:55:20]} {[%emt 00:02:32]} c6 {[%clk 00:36:09]} {[%emt
00:01:02]} 12. Nxd4 {[%clk 00:48:02]} {[%emt 00:07:48]} O-O {[%clk 00:23:28]}
{[%emt 00:13:10]} 13. Bg3 {[%clk 00:33:29]} {[%emt 00:15:04]} Kh8 {[%clk
00:23:16]} {[%emt 00:00:42]} 14. Nc2 {[%clk 00:25:23]} {[%emt 00:08:36]} Bf5
{[%clk 00:22:31]} {[%emt 00:01:15]} 15. Nd4 {[%clk 00:22:44]} {[%emt 00:03:09]}
Nxc3 {[%clk 00:16:05]} {[%emt 00:06:56]} 16. Nxc3 {[%clk 00:13:30]} {[%emt
00:09:44]} Bxd4 {[%clk 00:15:50]} {[%emt 00:00:45]} 17. Rc1 {[%clk 00:09:57]}
{[%emt 00:04:04]} Bxc3 {[%clk 00:14:48]} {[%emt 00:01:31]} 18. Qxd8 {[%clk
00:09:17]} {[%emt 00:01:10]} Rfxd8 {[%clk 00:14:02]} {[%emt 00:01:16]} 19. Rxc3
{[%clk 00:08:21]} {[%emt 00:01:26]} Nd5 {[%clk 00:09:33]} {[%emt 00:04:58]} 20.
Rb3 {[%clk 00:07:10]} {[%emt 00:01:42]} Re8 {[%clk 00:08:58]} {[%emt 00:01:05]}
21. Rc1 {[%clk 00:06:14]} {[%emt 00:01:26]} Bg6 {[%clk 00:08:23]} {[%emt
00:01:05]} 22. b5 {[%clk 00:05:20]} {[%emt 00:01:24]} a6 {[%clk 00:04:21]}
{[%emt 00:04:33]} 23. bxa6 {[%clk 00:04:39]} {[%emt 00:01:11]} bxa6 {[%clk
00:04:27]} {[%emt 00:00:24]} 24. Rb2 {[%clk 00:04:23]} {[%emt 00:00:45]} Rec8
{[%clk 00:03:18]} {[%emt 00:01:39]} 25. Re2 {[%clk 00:04:18]} {[%emt 00:00:35]}
h6 {[%clk 00:03:24]} {[%emt 00:00:24]} 26. Bb3 {[%clk 00:03:47]} {[%emt
00:01:02]} a5 {[%clk 00:03:21]} {[%emt 00:00:33]} 27. a4 {[%clk 00:03:29]}
{[%emt 00:00:47]} Nb4 {[%clk 00:03:01]} {[%emt 00:00:50]} 28. f3 {[%clk
00:02:20]} {[%emt 00:01:40]} Bd3 {[%clk 00:02:47]} {[%emt 00:00:44]} 29. Rd2
{[%clk 00:02:06]} {[%emt 00:00:43]} Re8 {[%clk 00:02:07]} {[%emt 00:01:11]} 30.
Rc3 {[%clk 00:01:28]} {[%emt 00:01:08]} Bg6 {[%clk 00:02:10]} {[%emt 00:00:27]}
31. Rd7 {[%clk 00:01:17]} {[%emt 00:00:41]} Red8 {[%clk 00:02:14]} {[%emt
00:00:27]} 32. Rxd8+ {[%clk 00:01:06]} {[%emt 00:00:41]} Rxd8 {[%clk 00:02:42]}
{[%emt 00:00:01]} 33. Bc7 {[%clk 00:01:12]} {[%emt 00:00:24]} Ra8 {[%clk
00:02:47]} {[%emt 00:00:25]} 34. Bd6 {[%clk 00:00:52]} {[%emt 00:00:50]} Be8
{[%clk 00:02:26]} {[%emt 00:00:52]} 35. Rc4 {[%clk 00:00:55]} {[%emt 00:00:26]}
Nd5 {[%clk 00:01:39]} {[%emt 00:01:17]} 36. Rc5 {[%clk 00:01:03]} {[%emt
00:00:22]} Nb4 {[%clk 00:01:47]} {[%emt 00:00:22]} 37. Rc3 {[%clk 00:01:24]}
{[%emt 00:00:08]} Nd5 {[%clk 00:01:59]} {[%emt 00:00:19]} 38. Rc5 {[%clk
00:01:40]} {[%emt 00:00:14]} Nb6 {[%clk 00:01:23]} {[%emt 00:01:06]} 39. Kf2
{[%clk 00:01:28]} {[%emt 00:00:42]} g5 {[%clk 00:00:50]} {[%emt 00:01:02]} 40.
Bc7 {[%clk 00:01:09]} {[%emt 00:00:48]} Ra6 {[%clk 00:00:36]} {[%emt 00:00:44]}
41. Bc2 {[%clk 00:00:32]} {[%emt 00:01:07]} Kg7 {[%clk 00:28:54]} {[%emt
00:02:12]} 42. Bd8 {[%clk 00:26:04]} {[%emt 00:04:58]} Bd7 {[%clk 00:20:05]}
{[%emt 00:09:20]} 43. Ke1 {[%clk 00:24:30]} {[%emt 00:02:04]} Be8 {[%clk
00:13:10]} {[%emt 00:07:24]} 44. Kd1 {[%clk 00:23:07]} {[%emt 00:01:54]} Nd5
{[%clk 00:11:02]} {[%emt 00:02:38]} 45. g3 {[%clk 00:13:57]} {[%emt 00:09:40]}
Ne3+ {[%clk 00:07:52]} {[%emt 00:03:40]} 46. Kc1 {[%clk 00:13:55]} {[%emt
00:00:32]} Nxc2 {[%clk 00:06:43]} {[%emt 00:01:39]} 47. Kxc2 {[%clk 00:14:17]}
{[%emt 00:00:07]} Bd7 {[%clk 00:06:17]} {[%emt 00:00:57]} 48. Rxa5 {[%clk
00:10:01]} {[%emt 00:04:45]} Rxa5 {[%clk 00:06:38]} {[%emt 00:00:10]} 49. Bxa5
{[%clk 00:10:25]} {[%emt 00:00:06]} c5 {[%clk 00:06:00]} {[%emt 00:01:09]} 50.
Kb3 {[%clk 00:10:10]} {[%emt 00:00:44]} Bc6 {[%clk 00:05:11]} {[%emt 00:01:19]}
51. f4 {[%clk 00:09:28]} {[%emt 00:01:11]} gxf4 {[%clk 00:05:10]} {[%emt
00:00:31]} 52. gxf4 {[%clk 00:08:57]} {[%emt 00:01:01]} Kg6 {[%clk 00:03:48]}
{[%emt 00:01:52]} 53. Bb6 {[%clk 00:08:08]} {[%emt 00:01:19]} Kf5 {[%clk
00:03:11]} {[%emt 00:01:07]} 54. Bxc5 {[%clk 00:05:54]} {[%emt 00:02:44]} Kxf4
{[%clk 00:03:38]} {[%emt 00:00:03]} 55. Bd6+ {[%clk 00:05:38]} {[%emt
00:00:46]} Ke3 {[%clk 00:03:19]} {[%emt 00:00:45]} 56. a5 {[%clk 00:05:23]}
{[%emt 00:00:50]} f5 {[%clk 00:03:43]} {[%emt 00:00:06]} 57. Kc4 {[%clk
00:03:28]} {[%emt 00:02:25]} f4 {[%clk 00:03:37]} {[%emt 00:00:36]} 58. Bc5+
{[%clk 00:02:36]} {[%emt 00:01:22]} Ke2 {[%clk 00:03:42]} {[%emt 00:00:25]} 59.
h4 {[%clk 00:02:00]} {[%emt 00:01:05]} f3 {[%clk 00:02:06]} {[%emt 00:02:06]}
60. h5 {[%clk 00:00:55]} {[%emt 00:01:35]} f2 {[%clk 00:01:55]} {[%emt
00:00:41]} 61. Bxf2 {[%clk 00:01:09]} {[%emt 00:00:16]} Kxf2 {[%clk 00:02:23]}
{[%emt 00:00:02]} 62. Kc5 {[%clk 00:00:52]} {[%emt 00:00:47]} Bg2 {[%clk
00:02:29]} {[%emt 00:00:23]} 63. Kd4 {[%clk 00:01:00]} {[%emt 00:00:22]} Kg3
{[%clk 00:02:11]} {[%emt 00:00:47]} 64. Ke5 {[%clk 00:00:54]} {[%emt 00:00:37]}
Bf3 {[%clk 00:01:46]} {[%emt 00:00:55]} 65. Kf5 {[%clk 00:00:42]} {[%emt
00:00:42]} Bxh5 {[%clk 00:02:01]} {[%emt 00:00:15]} 66. a6 {[%clk 00:00:54]}
{[%emt 00:00:18]} Bf3 {[%clk 00:02:25]} {[%emt 00:00:05]} 67. a7 {[%clk
00:00:58]} {[%emt 00:00:27]} h5 {[%clk 00:02:47]} {[%emt 00:00:08]} 0-1

[Event "DEM U18w 2023"]
[Site "Willingen GER"]
[Date "2023.05.28"]
[Round "2"]
[White "Zöllner, Bente"]
[Black "Kieckbusch, Lotta"]
[Result "1-0"]
[Termination "normal"]
[Board "11"]
[WhiteElo "1700"]
[BlackElo "1308"]
[WhiteClock "00:22:49"]
[BlackClock "00:02:04"]
[PlyCount "75"]
[WhiteFideId "16230523"]
[BlackFideId "16214390"]
[EventCountry "GER"]
[EventRounds "9"]
[EventType "swiss"]
[EventDate "2023.05.27"]

1. d4 {[%clk 01:30:58]} {[%emt 00:00:01]} d5 {[%clk 01:30:55]} {[%emt
00:00:06]} 2. c4 {[%clk 01:31:20]} {[%emt 00:00:07]} e6 {[%clk 01:31:20]}
{[%emt 00:00:05]} 3. Nc3 {[%clk 01:31:31]} {[%emt 00:00:18]} f5 {[%clk
01:31:42]} {[%emt 00:00:09]} 4. g3 {[%clk 01:30:41]} {[%emt 00:01:20]} Nf6
{[%clk 01:32:00]} {[%emt 00:00:11]} 5. Bg2 {[%clk 01:30:54]} {[%emt 00:00:17]}
Be7 {[%clk 01:31:54]} {[%emt 00:00:36]} 6. Nh3 {[%clk 01:29:10]} {[%emt
00:02:14]} O-O {[%clk 01:25:44]} {[%emt 00:06:41]} 7. Nf4 {[%clk 01:28:45]}
{[%emt 00:00:56]} c6 {[%clk 01:24:16]} {[%emt 00:01:58]} 8. O-O {[%clk
01:28:52]} {[%emt 00:00:21]} Kh8 {[%clk 01:12:21]} {[%emt 00:12:26]} 9. b3
{[%clk 01:27:49]} {[%emt 00:01:34]} Ne4 {[%clk 01:08:54]} {[%emt 00:03:56]} 10.
Qc2 {[%clk 01:25:39]} {[%emt 00:02:40]} g5 {[%clk 01:01:22]} {[%emt 00:08:02]}
11. Nd3 {[%clk 01:24:35]} {[%emt 00:01:33]} Nd7 {[%clk 00:56:36]} {[%emt
00:05:17]} 12. a4 {[%clk 01:23:51]} {[%emt 00:01:14]} b6 {[%clk 00:52:53]}
{[%emt 00:04:14]} 13. Ba3 {[%clk 01:23:28]} {[%emt 00:00:52]} Nd6 {[%clk
00:48:57]} {[%emt 00:04:26]} 14. Nb1 {[%clk 01:11:04]} {[%emt 00:12:54]} Bb7
{[%clk 00:42:09]} {[%emt 00:07:18]} 15. Nd2 {[%clk 01:10:24]} {[%emt 00:01:10]}
Ne4 {[%clk 00:32:05]} {[%emt 00:10:35]} 16. Bxe7 {[%clk 01:08:49]} {[%emt
00:02:04]} Qxe7 {[%clk 00:32:29]} {[%emt 00:00:06]} 17. Nf3 {[%clk 01:07:29]}
{[%emt 00:01:50]} c5 {[%clk 00:29:56]} {[%emt 00:03:03]} 18. Nde5 {[%clk
01:01:51]} {[%emt 00:06:08]} Nxe5 {[%clk 00:26:56]} {[%emt 00:03:30]} 19. Nxe5
{[%clk 00:59:39]} {[%emt 00:02:42]} cxd4 {[%clk 00:26:29]} {[%emt 00:00:58]}
20. Qd3 {[%clk 00:59:12]} {[%emt 00:00:56]} dxc4 {[%clk 00:23:41]} {[%emt
00:03:19]} 21. Qxd4 {[%clk 00:57:01]} {[%emt 00:02:40]} Qg7 {[%clk 00:21:39]}
{[%emt 00:02:32]} 22. bxc4 {[%clk 00:54:56]} {[%emt 00:02:34]} Rad8 {[%clk
00:18:48]} {[%emt 00:03:22]} 23. Nf7+ {[%clk 00:51:14]} {[%emt 00:04:11]} Rxf7
{[%clk 00:15:00]} {[%emt 00:04:19]} 24. Qxd8+ {[%clk 00:50:17]} {[%emt
00:01:26]} Rf8 {[%clk 00:15:21]} {[%emt 00:00:10]} 25. Qd3 {[%clk 00:49:30]}
{[%emt 00:01:13]} Qe7 {[%clk 00:10:12]} {[%emt 00:05:42]} 26. Rfd1 {[%clk
00:47:41]} {[%emt 00:02:19]} Nc5 {[%clk 00:08:04]} {[%emt 00:02:39]} 27. Qd6
{[%clk 00:46:40]} {[%emt 00:01:30]} Qf7 {[%clk 00:07:29]} {[%emt 00:01:05]} 28.
Qe5+ {[%clk 00:43:06]} {[%emt 00:04:05]} Kg8 {[%clk 00:06:43]} {[%emt
00:01:17]} 29. Ra2 {[%clk 00:40:45]} {[%emt 00:02:51]} Ba6 {[%clk 00:06:05]}
{[%emt 00:01:07]} 30. Qc3 {[%clk 00:38:02]} {[%emt 00:03:12]} f4 {[%clk
00:04:57]} {[%emt 00:01:39]} 31. a5 {[%clk 00:28:11]} {[%emt 00:10:22]} Qf5
{[%clk 00:03:34]} {[%emt 00:01:52]} 32. axb6 {[%clk 00:26:12]} {[%emt
00:02:29]} axb6 {[%clk 00:03:55]} {[%emt 00:00:10]} 33. Rad2 {[%clk 00:25:05]}
{[%emt 00:01:36]} Ne4 {[%clk 00:02:42]} {[%emt 00:01:43]} 34. Bxe4 {[%clk
00:24:32]} {[%emt 00:01:03]} Qxe4 {[%clk 00:03:03]} {[%emt 00:00:08]} 35. Rd8
{[%clk 00:22:13]} {[%emt 00:02:50]} Bxc4 {[%clk 00:01:34]} {[%emt 00:02:00]}
36. Rxf8+ {[%clk 00:22:29]} {[%emt 00:00:13]} Kxf8 {[%clk 00:01:51]} {[%emt
00:00:13]} 37. Qf6+ {[%clk 00:22:49]} {[%emt 00:00:10]} Ke8 {[%clk 00:02:04]}
{[%emt 00:00:17]} 38. Rd8# {[%emt 00:00:06]} 1-0

[Event "DEM U18w 2023"]
[Site "Willingen GER"]
[Date "2023.05.28"]
[Round "2"]
[White "Dohon, Maria-Johanna"]
[Black "Avetyan, Manan"]
[Result "1/2-1/2"]
[Termination "normal"]
[Board "12"]
[WhiteElo "1507"]
[BlackElo "1368"]
[WhiteClock "00:01:32"]
[BlackClock "00:04:34"]
[PlyCount "56"]
[WhiteFideId "34600957"]
[BlackFideId "16244737"]
[EventCountry "GER"]
[EventRounds "9"]
[EventType "swiss"]
[EventDate "2023.05.27"]

1. d4 {[%clk 01:30:58]} {[%emt 00:00:01]} Nf6 {[%clk 01:30:53]} {[%emt
00:00:08]} 2. c4 {[%clk 01:31:20]} {[%emt 00:00:07]} g6 {[%clk 01:31:18]}
{[%emt 00:00:05]} 3. Nc3 {[%clk 01:31:14]} {[%emt 00:00:36]} Bg7 {[%clk
01:31:39]} {[%emt 00:00:09]} 4. e4 {[%clk 01:31:38]} {[%emt 00:00:06]} d6
{[%clk 01:32:02]} {[%emt 00:00:07]} 5. f3 {[%clk 01:32:02]} {[%emt 00:00:07]}
O-O {[%clk 01:32:23]} {[%emt 00:00:09]} 6. Be3 {[%clk 01:32:24]} {[%emt
00:00:07]} e5 {[%clk 01:26:12]} {[%emt 00:06:41]} 7. Nge2 {[%clk 01:31:56]}
{[%emt 00:00:57]} Nc6 {[%clk 01:24:34]} {[%emt 00:02:10]} 8. Qd2 {[%clk
01:31:53]} {[%emt 00:00:32]} Ne7 {[%clk 01:19:53]} {[%emt 00:05:12]} 9. d5
{[%clk 01:25:47]} {[%emt 00:06:36]} Nd7 {[%clk 01:16:06]} {[%emt 00:04:17]} 10.
g4 {[%clk 01:18:46]} {[%emt 00:07:31]} Nb6 {[%clk 00:59:20]} {[%emt 00:17:16]}
11. Ng3 {[%clk 01:15:19]} {[%emt 00:03:56]} f5 {[%clk 00:48:41]} {[%emt
00:11:10]} 12. gxf5 {[%clk 01:11:45]} {[%emt 00:04:03]} gxf5 {[%clk 00:48:48]}
{[%emt 00:00:24]} 13. Bh6 {[%clk 00:43:41]} {[%emt 00:28:33]} Ng6 {[%clk
00:27:58]} {[%emt 00:21:20]} 14. Bxg7 {[%clk 00:40:28]} {[%emt 00:03:43]} Kxg7
{[%clk 00:28:25]} {[%emt 00:00:04]} 15. Bd3 {[%clk 00:38:46]} {[%emt 00:02:11]}
fxe4 {[%clk 00:23:12]} {[%emt 00:05:43]} 16. fxe4 {[%clk 00:37:16]} {[%emt
00:02:00]} Bg4 {[%clk 00:23:13]} {[%emt 00:00:29]} 17. Nf5+ {[%clk 00:18:14]}
{[%emt 00:19:32]} Kh8 {[%clk 00:20:45]} {[%emt 00:02:58]} 18. Qh6 {[%clk
00:16:21]} {[%emt 00:02:22]} Bxf5 {[%clk 00:20:29]} {[%emt 00:00:48]} 19. exf5
{[%clk 00:16:44]} {[%emt 00:00:07]} Nf4 {[%clk 00:20:30]} {[%emt 00:00:29]} 20.
Be4 {[%clk 00:09:10]} {[%emt 00:08:04]} Rf6 {[%clk 00:19:19]} {[%emt 00:01:41]}
21. Qh4 {[%clk 00:06:52]} {[%emt 00:02:47]} Nxc4 {[%clk 00:19:30]} {[%emt
00:00:19]} 22. Nd1 {[%clk 00:05:04]} {[%emt 00:02:17]} Rc8 {[%clk 00:12:59]}
{[%emt 00:07:02]} 23. Rg1 {[%clk 00:03:49]} {[%emt 00:01:44]} Qe7 {[%clk
00:09:58]} {[%emt 00:03:32]} 24. b3 {[%clk 00:03:01]} {[%emt 00:01:18]} Nb6
{[%clk 00:08:28]} {[%emt 00:02:01]} 25. Ne3 {[%clk 00:03:25]} {[%emt 00:00:05]}
h5 {[%clk 00:04:37]} {[%emt 00:04:21]} 26. Ng4 {[%clk 00:02:33]} {[%emt
00:01:22]} Rf7 {[%clk 00:04:46]} {[%emt 00:00:21]} 27. f6 {[%clk 00:02:19]}
{[%emt 00:00:45]} Qf8 {[%clk 00:04:35]} {[%emt 00:00:41]} 28. Bf5 {[%clk
00:01:32]} {[%emt 00:01:17]} Re8 {[%clk 00:04:34]} {[%emt 00:00:31]} 1/2-1/2